000
00211 a2200097 4500
001
15146
100
_a
Taylor F.J
245
_a
Workshop practice
260
_a
London
_b
Technical press
_c
090
_c
11891
_d
11891
942
_a
NUST-CAE
_c
M
_c
2104
999
_c
250219
_d
250219